00775nam a2200193 a 450000100100000000500170001000800410002702000180006804000250008608200150011110000340012624500740016026000390023430000280027370000310030195201130033295201190044599900170056400004169720201002035714.0131016s1986 xxua 000 0 eng d a9780440422259 aDO-SdBNPbspacBNPHU axxxxbxxxx1 aSnyder, Zilpka Keatley96851410aThe egypt game /cZilpka Keatley Snyder ; ilustración Altin Raible. aNew York :bYearling Books,c1986. a215 p. :bil. ;c20 cm.1 aRaible, Altin,eil.968515 001050718MOaGRbGRcHDd2013-10-16iLF1l0oxxxx xxxxp41697-10r2020-06-25w2020-06-25y1ZNo se presta 001050718MOaGRbGRcHDd2013-11-07iLF1l0oxxxx xxxxp41697-20r2020-06-25te. 2w2020-06-25y1ZNo se presta c41186d41186